| 000 | 00600nam a2200181Ia 4500 | ||
|---|---|---|---|
| 003 | LDD | ||
| 008 | 190117s9999 xx 000 0 und d | ||
| 020 |
_a818906813X _c₹160 |
||
| 040 | _cLDD | ||
| 041 | _ahi | ||
| 082 | _a8S1.09 भ6342भ | ||
| 100 | _aशास्त्री, रामचन्द्र वर्मा | ||
| 245 | 0 |
_aभर्तृहरि शतक _cरामचन्द्र वर्मा शास्त्री |
|
| 260 |
_aदिल्ली _bकिरण प्रकाशन _c2005 |
||
| 300 | _a171 | ||
| 904 | _aReqst by : J.M. Parekh | ||
| 942 |
_2ddc _cH |
||
| 999 |
_c171579 _d171579 |
||